The Moon and Man (Record no. 194193)
[ view plain ]
| 000 -LEADER | |
|---|---|
| fixed length control field | 00679 a2200157 4500 |
| 003 - CONTROL NUMBER IDENTIFIER | |
| control field | Nust |
| 005 - DATE AND TIME OF LATEST TRANSACTION | |
| control field | 20221219130236.0 |
| 040 ## - CATALOGING SOURCE | |
| Transcribing agency | Nust |
| 082 ## - DEWEY DECIMAL CLASSIFICATION NUMBER | |
| Classification number | 080, REB |
| 100 ## - MAIN ENTRY--PERSONAL NAME | |
| Personal name | M. Rebrou, G.Khozin |
| 9 (RLIN) | 105207 |
| 245 ## - TITLE STATEMENT | |
| Title | The Moon and Man |
| Statement of responsibility, etc. | M. Rebrou, G.Khozin |
| 260 ## - PUBLICATION, DISTRIBUTION, ETC. | |
| Name of publisher, distributor, etc. | Peace |
| 300 ## - PHYSICAL DESCRIPTION | |
| Extent | 117,p; |
| 505 ## - FORMATTED CONTENTS NOTE | |
| Formatted contents note | By way of an introduction (Page-9), The promise of outer space (Page-11), Moon fables (Page-18), Birth of a dream (Page-22), Hapotheses and theories (Page-34), Automatic explorers (Page-48), Rocket engines (Page-69), Moon projects (Page-84), Robots on the moon (Page-102), The forst men on the moon (Page-106), The call of the cosmos (Page-115). |
| 942 ## - ADDED ENTRY ELEMENTS (KOHA) | |
| Source of classification or shelving scheme | |
| Koha item type | Book |
| Withdrawn status | Lost status | Source of classification or shelving scheme | Damaged status | Not for loan | Permanent Location | Current Location | Shelving location | Date acquired | Full call number | Barcode | Date last seen | Price effective from | Koha item type | Public note |
|---|---|---|---|---|---|---|---|---|---|---|---|---|---|---|
| Military College of Signals (MCS) | Military College of Signals (MCS) | General Stacks | 12/12/2016 | 080,REB | MCS36218 | 12/08/2016 | 12/12/2016 | Book | Almirah No.46, Shelf No.2 |
